|
|
|
|
| LEADER |
01173nam a2200361 a 4500 |
| 001 |
000709339 |
| 003 |
CZ BrMZK |
| 005 |
20110208114129.0 |
| 007 |
ta |
| 008 |
040323s2000 xr g 000 f cze d |
| 015 |
|
|
|a cnb000886980
|
| 020 |
|
|
|a 80-86390-01-2
|q (brož.)
|
| 035 |
|
|
|a (OCoLC)51185746
|
| 040 |
|
|
|a ULG001
|b cze
|d BOA001
|d ABA001
|
| 041 |
1 |
|
|a cze
|h eng
|
| 072 |
|
7 |
|a 821.111(73)-3
|x Americká próza
|2 Konspekt
|9 25
|
| 080 |
|
|
|a 821.111(73)-31
|2 MRF
|
| 080 |
|
|
|a (0:82-312.9)
|2 MRF
|
| 100 |
1 |
|
|a Feist, Raymond E.,
|d 1945-
|7 ola2002105343
|4 aut
|
| 245 |
1 |
0 |
|a Hněv krále démonů.
|n [Část II],
|p Boj /
|c [Raymond E. Feist]
|
| 246 |
3 |
0 |
|a Boj
|
| 260 |
|
|
|a Praha :
|b Wales,
|c c2000
|
| 300 |
|
|
|a 314 s. ;
|c 18 cm
|
| 490 |
1 |
|
|a Hadí sága ;
|v 6
|
| 500 |
|
|
|a Přeloženo z angličtiny
|
| 500 |
|
|
|a Autorský údaj z rubu tit. s.
|
| 655 |
|
7 |
|a americké romány
|7 fd131796
|2 czenas
|
| 655 |
|
7 |
|a fantasy romány
|7 fd184199
|2 czenas
|
| 765 |
0 |
|
|t Rage of a demon king
|9 Česky
|
| 830 |
|
0 |
|a Hadí sága
|0 s
|
| 910 |
|
|
|a BOA001
|b 1-1130.909,6
|
| 990 |
|
|
|a BK
|
| 996 |
6 |
|
|b 2610215825
|c 1-1130.909,6
|l MZK
|r Sklad / do 1 hodiny
|n 1
|p p.v.
|w 000709339
|u 000010
|a 1
|e BOA001
|j MZK50
|s P
|